000 01860nam0a2200409 i 4500
001 RU\NLR\BIBL_A\010960139
005 20260405090329.0
010 _a9785170940653
_94000
021 _aRU
_b2015-101331
_96309
035 _a(NILC)RuMoRGB-008108009
035 _a(NLR Aleph) 010960139
090 _a10795688
_c10795688
100 _a20160128d2016 m y0rusy50 ca
101 1 _arus
_ceng
102 _aRU
105 _aa z 001ay
200 1 _aЗвёздные войны
_iПолная история
_fКевин Андерсон, Дэниел Уоллес
_gил.: Билл Хьюз
_g[пер. с англ.: А. Бродоцкая и др.]
210 _aМосква
_cПрайм
_cАСТ
_d2016
215 _a223, [1] с.
_cил.
_d27
225 1 _aЗвёздные войны
_iБольшая библиотека
300 _aНа тит. л. в вых. дан.: New York: The Ballantine Pablishing Group
320 _aАлф. указ. в конце кн.
333 _a12+
605 _a"Звездные войны"
_lкиноэпопея
_92555279
_3RU\NLR\AUTH\661511844
606 1 _aНаучно-фантастическая литература
_jЭнциклопедии
_xОбразы
_yСоединенные Штаты Америки
_92334983
_3RU\NLR\AUTH\661396078
675 _a821.111(73)
686 1 _aШ5(7США)6-33,5
686 1 _aЩ374.3(7США)6"Звездные войны"
700 1 _7ca
_8rus
_aАндерсон
_bК. Д.
_cписатель-фантаст
_f1962-
_gКевин Дж.
_9223087
_3RU\NLR\AUTH\770223143
701 1 _8rus
_7ca
_aУоллес
_bД.
_f1959-
_gДэниел
_3RU\NLR\AUTH\7732049
_915059
702 1 _aХьюз
_bБ.
_gБилл
_4440
801 0 _aRU
_bРГБ
_c20151229
_gRCR
801 1 _aRU
_bРГБ
_c20151229
_2rusmarc
942 _cBOOK
980 _aNBR